000 00718nam a2200229 u 4500
005 20240831063800.0
008 140826s2007 es r 000 0 spa d
020 _a9788484832386
035 _aUPN01000199181
049 _aI
050 4 _aPQ6707 I4
_bD4.7
100 1 _aGil Martínez, Carmen,
_d1964-
_932973
245 1 3 _aLa detective Julieta y el caso del ratón Pérez /
_cCarmen Gil ; il. María Pascual.
260 _aMadrid :
_bEdiciones del Laberinto,
_c2007.
300 _a31 p. :
_eil. col.
440 0 _aLaberinto.
_pNaranja
650 4 _aCuentos infantiles españoles
_97725
650 4 _aDETECTIVES -
_vLITERATURA INFANTIL
_912470
905 _aInfantil
999 _c171282
_d171282